• 首页
  • 本馆介绍
  • 公告通知
  • 最新文献
  • 馆藏检索
  • 电子资源
  • 读者导购
  • 参考咨询
  • 我的图书馆
  • 登录
  • 详细信息显示
  • 放入我的书架
  • 预约/预借图书
  • 作者相关作品
  • 分类相关作品
  • 丛书相关作品
  • 出版社相关作品

书目信息

  • 表格格式
  • 工作单格式
  • 卡片格式
题名:
美国精神
    
 
作者: 爱略特 主编 ;刘庆国 译
分册:  
出版信息: 北京   中华工商联合出版社  2015
页数: 215页
开本: 24cm
丛书名: 传世励志经典
单 册:
中图分类: C955.712.1-49
科图分类:
主题词: 民族精神--美国--通俗读物
电子资源:
ISBN: 978-7-5158-1256-4
000 01179nam2 2200277 450
001 012001002945
005 20140926114740.0
010    @a978-7-5158-1256-4@dCNY38.00
100    @a20150920d2015 em y0chiy50 ea
101 1  @achi@ceng
102    @aCN@b110000
105    @ay z 000yy
106    @ar
200 1  @a美国精神@9mei guo jing shen@e美国历史文献中的励志精品@f(美)查尔斯·W. 爱略特(Charles W. Eliot)主编@g刘庆国译
210    @a北京@c中华工商联合出版社@d2015
215    @a215页@d24cm
225 2  @a传世励志经典
330    @a《美国精神——美国历史文献中的励志精品》一书,收录了23个条约、演讲稿、历史报告,以及政府文件,这些文件用当代术语记录了美国历史上发生的那些重大的事件。这些历史文件,给我们提供了美国人民政治进步的缩影,不受任何偏见的影响,也保证了这些材料能够真实地反映条约产生的背景和影响。
461  0 @12001 @a传世励志经典
517 1  @a美国历史文献中的励志精品@9mei guo li shi wen xian zhong de li zhi jing pin
606 0  @a民族精神@y美国@j通俗读物
690    @aC955.712.1-49@v5
701  1 @c(美)@a爱略特@9W. Eliot, Charles@4主编
702  0 @a刘庆国@9liu qing guo@4译
801  0 @aCN@b上海新华@c20180901
905    @b1158852-6@dC955.712.1-49@e122@f5
    
    美国精神:美国历史文献中的励志精品/(美)查尔斯·W. 爱略特(Charles W. Eliot)主编/刘庆国译.-北京:中华工商联合出版社,2015
    215页;24cm.-(传世励志经典)
    
    
    ISBN 978-7-5158-1256-4:CNY38.00
    《美国精神——美国历史文献中的励志精品》一书,收录了23个条约、演讲稿、历史报告,以及政府文件,这些文件用当代术语记录了美国历史上发生的那些重大的事件。这些历史文件,给我们提供了美国人民政治进步的缩影,不受任何偏见的影响,也保证了这些材料能够真实地反映条约产生的背景和影响。
●
相关链接 在E读中查询图书 在五车中查询图书 在当当中查询图书 在豆瓣中查询图书


正题名:美国精神     索取号:C955.712.1-49/122         预约/预借

序号 登录号 条形码 馆藏地/架位号 状态 备注
1 1158852   211588520   第一样本阅览室/ [索取号:C955.712.1-49/122] 在馆    
2 1158853   211588539   第一借阅区/ [索取号:C955.712.1-49/122] 在馆    
3 1158854   211588548   第一借阅区/ [索取号:C955.712.1-49/122] 在馆    
4 1158855   211588557   第一借阅区/ [索取号:C955.712.1-49/122] 在馆    
5 1158856   211588566   第一借阅区/ [索取号:C955.712.1-49/122] 在馆    
唐山师范学院图书馆 欢迎您!
大连网信软件有限公司© 版权所有